NBA 2k21 all-time Washington Wizards - Statistics

General Stats
  • This quiz has been taken 106 times
  • The average score is 7 of 15
Answer Stats
Overall Player % Correct
87 Bradley Beal
93%
90 John Wall
93%
93 Gilbert Arenas
76%
96 Elvin Hayes
73%
87 Antawn Jamison
45%
89 Earl Monroe
43%
88 Caron Butler
34%
87 Chris Webber
34%
86 Bernard King
31%
86 Jeff Malone
31%
89 Moses Malone
31%
87 Rod Strickland
24%
88 Phil Chenier
21%
82 Gheorghe Muresan
15%
86 Larry Hughes
15%
No matching quizzes found
Score Distribution
Percent of People with Each Score
Percentile by Number Answered
Your Score History
You have not taken this quiz